Govt. of
Madhya Pradesh

Normal view MARC view

Entry Personal Name

Number of records used in: 1

001 - CONTROL NUMBER

  • control field: 31178

003 - CONTROL NUMBER IDENTIFIER

  • control field: OSt

005 - DATE AND TIME OF LATEST TRANSACTION

  • control field: 20160112125243.0

008 - FIXED-LENGTH DATA ELEMENTS

  • fixed length control field: 160112|| aca||aabn | a|a d

040 ## - CATALOGING SOURCE

  • Original cataloging agency: OSt
  • Transcribing agency: OSt

100 ## - HEADING--PERSONAL NAME

  • Personal name: Rowan, Frederica

670 ## - SOURCE DATA FOUND

  • Source citation: Work cat.: (OSt)37449: Rowan, Frederica, The Life of Schleiermacher as unfold in his autobiography and letters